| 000 | 00601nam a2200205 i 4500 | ||
|---|---|---|---|
| 001 | 81054 | ||
| 003 | ES-MaACL | ||
| 005 | 20250905063044.0 | ||
| 007 | t| | ||
| 008 | 041102s1934 fr ||||1| fre d | ||
| 100 | 0 |
_aHofmann, Modeste Lioudvigovitch, _d1887-1959 _963964 |
|
| 245 | 1 | 3 |
_aLa vie de Tolstoi / _cM. Hofmann et A. Pierre. |
| 250 | _a7eme éd. | ||
| 260 |
_aParis : _bGallimard, _c1934 ( _fChautenay) |
||
| 300 |
_a286 p. ; _c19 cm. |
||
| 600 | 1 | 4 |
_aTolstói, Lev, _d1828-1910 _9110489 |
| 700 | 1 |
_aPierre, André. _991954 |
|
| 852 |
_aES-MaACL _jA-2757 |
||
| 999 |
_c81054 _d81054 |
||